000 00763nam a2200229Ia 4500
999 _c36050
_d36050
001 1950
003 GE_BSU
005 20221007164648.0
008 181216s2007ru xx |||||||||||||| ||rus||
020 _a9785482013762
040 _cGE_BSU
041 _arus
080 _a34(038) К-78
245 _aКраткий юридический словарь /
_cО.В. Малько.
264 _aМосква :
_bПроспект,
_c2007.
300 _a496 стр.:
_b16 см.
653 _aКраткий юридический словарь
653 _aმოკლე იურიდიული ლექსიკონი
653 _aსამართალი
700 _aМалько,О.В.
_eრედაქტორი
_915161
942 _cBK
_2udc